000
00273nam a2200109Ia 4500
008
201231s9999 xx 000 0 und d
100
_a
Ganguly, S P
245
0
_a
Control over Public Finance in India
260
_a
New Delhi
_b
Concept Publishing
300
_a
144
942
_c
BK
999
_c
9431
_d
9431